[Event "DSJ Weihnachtsturnier U20w 2020"]
[Site "https://play.chessbase.com/en/play?room=DSJWeihnachtU20w"]
[Date "2020.12.29"]
[Round "5"]
[White "Roncea, Andrea-Alexandra"]
[Black "Oswald, Lena"]
[Result "1-0"]
[Termination "normal"]
[Board "5.1"]
[WhiteElo "1619"]
[BlackElo "1768"]
[WhiteTeam "SC Papenburg"]
[BlackTeam "Schachgemeinschaft Leipzig"]
[PlyCount "93"]
[WhiteFideId "16233115"]
[BlackFideId "12983314"]
[EventRounds "7"]
[EventType "team-swiss"]
[EventDate "2020.12.29"]

1. e4 {[%emt 0:00:04]} c5 {[%emt 0:00:03]} 2. Nf3 {[%emt 0:00:02]} Nc6 { [%emt
0:00:02]} 3. Bb5 {[%emt 0:00:01]} g6 {[%emt 0:00:06]} 4. O-O {[%emt 0:00: 03]}
Bg7 {[%emt 0:00:02]} 5. c3 {[%emt 0:00:02]} e6 {[%emt 0:00:03]} 6. Re1 { [%emt
0:00:01]} Nge7 {[%emt 0:00:02]} 7. d4 {[%emt 0:00:04]} cxd4 {[%emt 0:00: 03]}
8. cxd4 {[%emt 0:00:00]} O-O {[%emt 0:00:02]} 9. Nc3 {[%emt 0:00:04]} d5 {
[%emt 0:00:08]} 10. e5 {[%emt 0:00:04]} Nf5 {[%emt 0:00:08]} 11. Bf4 {[%emt 0:
00:34]} Qb6 {[%emt 0:00:10]} 12. a4 {[%emt 0:01:05]} Ncxd4 {[%emt 0:00:35]} 13.
Nxd4 {[%emt 0:00:21]} Qxd4 {[%emt 0:00:05]} 14. Qxd4 {[%emt 0:00:20]} Nxd4 {
[%emt 0:00:04]} 15. Red1 {[%emt 0:00:01]} Nf5 {[%emt 0:00:08]} 16. Ne2 { [%emt
0:00:19]} Bd7 {[%emt 0:00:13]} 17. Bxd7 {[%emt 0:00:10]} a6 {[%emt 0:00: 13]}
18. a5 {[%emt 0:00:09]} Rfd8 {[%emt 0:00:15]} 19. Ba4 {[%emt 0:00:03]} d4
{[%emt 0:00:10]} 20. Rac1 {[%emt 0:00:10]} Rd5 {[%emt 0:00:36]} 21. b4 { [%emt
0:00:19]} Rad8 {[%emt 0:00:07]} 22. Bg5 {[%emt 0:00:25]} Rf8 {[%emt 0:00: 32]}
23. f4 {[%emt 0:00:35]} h6 {[%emt 0:00:28]} 24. Bf6 {[%emt 0:00:42]} Bxf6
{[%emt 0:00:03]} 25. exf6 {[%emt 0:00:00]} Rfd8 {[%emt 0:00:04]} 26. Rd3 {
[%emt 0:00:12]} h5 {[%emt 0:00:32]} 27. Rc7 {[%emt 0:00:07]} Nh6 {[%emt 0:00:
36]} 28. h3 {[%emt 0:00:14]} Kf8 {[%emt 0:00:15]} 29. Rxb7 {[%emt 0:00:08]} Ng8
{[%emt 0:00:23]} 30. Rb6 {[%emt 0:00:05]} Nxf6 {[%emt 0:00:02]} 31. Rxa6 {
[%emt 0:00:03]} Rb8 {[%emt 0:00:10]} 32. b5 {[%emt 0:00:03]} Ne4 {[%emt 0:00:
05]} 33. Rxd4 {[%emt 0:00:06]} Rxd4 {[%emt 0:00:02]} 34. Nxd4 {[%emt 0:00:01]}
Nc3 {[%emt 0:00:01]} 35. Bb3 {[%emt 0:00:15]} Nxb5 {[%emt 0:00:03]} 36. Nxb5 {
[%emt 0:00:01]} Rxb5 {[%emt 0:00:02]} 37. Bc4 {[%emt 0:00:01]} Rb4 {[%emt 0:00:
07]} 38. Be2 {[%emt 0:00:09]} Rxf4 {[%emt 0:00:06]} 39. Ra8+ {[%emt 0:00:01]}
Kg7 {[%emt 0:00:06]} 40. a6 {[%emt 0:00:01]} Ra4 {[%emt 0:00:03]} 41. Rc8 {
[%emt 0:00:11]} Ra1+ {[%emt 0:00:09]} 42. Kf2 {[%emt 0:00:02]} Kf6 {[%emt 0:00:
05]} 43. Rc7 {[%emt 0:00:02]} e5 {[%emt 0:00:12]} 44. a7 {[%emt 0:00:05]} e4 {
[%emt 0:00:08]} 45. Bc4 {[%emt 0:00:05]} Ra3 {[%emt 0:00:15]} 46. Bd5 {[%emt 0:
00:07]} e3+ {[%emt 0:00:03]} 47. Ke2 {[%emt 0:00:03]} 1-0

[Event "DSJ Weihnachtsturnier U20w 2020"]
[Site "https://play.chessbase.com/en/play?room=DSJWeihnachtU20w"]
[Date "2020.12.29"]
[Round "5"]
[White "Oswald, Hannah"]
[Black "Zöllner, Bente"]
[Result "1-0"]
[Termination "normal"]
[Board "5.2"]
[WhiteElo "1675"]
[BlackElo "1614"]
[WhiteTeam "Schachgemeinschaft Leipzig"]
[BlackTeam "SC Papenburg"]
[PlyCount "109"]
[WhiteFideId "16214960"]
[BlackFideId "16230523"]
[EventRounds "7"]
[EventType "team-swiss"]
[EventDate "2020.12.29"]

1. e4 {[%emt 0:00:02]} c5 {[%emt 0:00:03]} 2. Nf3 {[%emt 0:00:03]} Nc6 { [%emt
0:00:02]} 3. d4 {[%emt 0:00:02]} cxd4 {[%emt 0:00:03]} 4. Nxd4 {[%emt 0:
00:02]} Nf6 {[%emt 0:00:04]} 5. Nc3 {[%emt 0:00:02]} e5 {[%emt 0:00:04]} 6.
Ndb5 {[%emt 0:00:05]} d6 {[%emt 0:00:03]} 7. Nd5 {[%emt 0:00:09]} Nxd5 { [%emt
0:00:05]} 8. Qxd5 {[%emt 0:00:07]} Be6 {[%emt 0:00:23]} 9. Qd1 {[%emt 0:
00:06]} Be7 {[%emt 0:00:27]} 10. Bd2 {[%emt 0:00:13]} O-O {[%emt 0:00:10]} 11.
Bd3 {[%emt 0:00:04]} d5 {[%emt 0:00:11]} 12. O-O {[%emt 0:00:12]} Qd7 {[%emt 0:
00:39]} 13. Nc3 {[%emt 0:00:17]} dxe4 {[%emt 0:00:15]} 14. Bxe4 {[%emt 0:00:03]
} Rad8 {[%emt 0:00:05]} 15. Be3 {[%emt 0:00:11]} Qxd1 {[%emt 0:00:08]} 16.
Raxd1 {[%emt 0:00:04]} a6 {[%emt 0:00:26]} 17. Bb6 {[%emt 0:00:16]} Rxd1 {
[%emt 0:00:20]} 18. Rxd1 {[%emt 0:00:03]} Bd8 {[%emt 0:00:11]} 19. Bc5 { [%emt
0:00:09] Papenbg1-002 accepted take back of d8e7} Re8 {[%emt 0:00:18]} 20. Bxc6
{[%emt 0:00:15]} bxc6 {[%emt 0:00:17]} 21. Rd6 {[%emt 0:00:04]} Be7 { [%emt
0:00:28]} 22. Rxc6 {[%emt 0:00:05]} Bxc5 {[%emt 0:00:07]} 23. Rxc5 { [%emt
0:00:03]} f6 {[%emt 0:01:22]} 24. h3 {[%emt 0:00:08]} Kf7 {[%emt 0:00:21] } 25.
Rc7+ {[%emt 0:00:07]} Re7 {[%emt 0:00:14]} 26. Rxe7+ {[%emt 0:00:03]} Kxe7
{[%emt 0:00:00]} 27. a3 {[%emt 0:00:02]} Kd6 {[%emt 0:00:01]} 28. Kf1 { [%emt
0:00:03]} Bf5 {[%emt 0:00:04]} 29. Ke2 {[%emt 0:00:17]} Bxc2 {[%emt 0:00: 08]}
30. Kd2 {[%emt 0:00:07]} Bf5 {[%emt 0:00:05]} 31. Ke3 {[%emt 0:00:05]} Bd7
{[%emt 0:00:06]} 32. Ne4+ {[%emt 0:00:13]} Kd5 {[%emt 0:00:06]} 33. b3 { [%emt
0:00:03]} Bc6 {[%emt 0:00:29]} 34. Nc3+ {[%emt 0:00:10]} Ke6 {[%emt 0:00: 16]}
35. Na4 {[%emt 0:00:17]} Kd6 {[%emt 0:00:35]} 36. Nb6 {[%emt 0:00:10]} Bxg2
{[%emt 0:00:08]} 37. h4 {[%emt 0:00:03]} Bh3 {[%emt 0:00:15]} 38. Nc4+ { [%emt
0:00:04]} Kc5 {[%emt 0:00:22]} 39. Ke4 {[%emt 0:00:06]} Be6 {[%emt 0:00: 16]}
40. Nd2 {[%emt 0:00:06]} f5+ {[%emt 0:00:07] SGLeipz2-002 accepted take back of
e4e5} 41. Kxe5 {[%emt 0:00:04]} Bd7 {[%emt 0:00:19]} 42. f4 {[%emt 0: 00:06]}
g6 {[%emt 0:00:05]} 43. Nf3 {[%emt 0:00:06]} h6 {[%emt 0:00:15]} 44. Nd4 {[%emt
0:00:09]} a5 {[%emt 0:00:09]} 45. Ne6+ {[%emt 0:00:41]} Bxe6 { [%emt 0:00:17]}
46. Kxe6 {[%emt 0:00:02]} Kb5 {[%emt 0:00:06]} 47. Kf6 { [%emt 0:00:15]} a4
{[%emt 0:00:02]} 48. bxa4+ {[%emt 0:00:03]} Kxa4 {[%emt 0: 00:00]} 49. Kxg6
{[%emt 0:00:02]} Kxa3 {[%emt 0:00:01]} 50. Kxf5 {[%emt 0:00: 02]} Kb4 {[%emt
0:00:00]} 51. Ke6 {[%emt 0:00:02]} Kc5 {[%emt 0:00:02]} 52. f5 {[%emt 0:00:01]}
Kc6 {[%emt 0:00:23]} 53. f6 {[%emt 0:00:02]} Kc7 {[%emt 0:00: 02]} 54. f7
{[%emt 0:00:02]} Kc6 {[%emt 0:00:03]} 55. f8=Q {[%emt 0:00:03]} 1-0

[Event "DSJ Weihnachtsturnier U20w 2020"]
[Site "https://play.chessbase.com/en/play?room=DSJWeihnachtU20w"]
[Date "2020.12.29"]
[Round "5"]
[White "Evering, Enna"]
[Black "Halas, Neele Zoe"]
[Result "1-0"]
[Termination "normal"]
[Board "5.3"]
[WhiteElo "1568"]
[BlackElo "1273"]
[WhiteTeam "SC Papenburg"]
[BlackTeam "Schachgemeinschaft Leipzig"]
[PlyCount "113"]
[WhiteFideId "16218213"]
[BlackFideId "16287282"]
[EventRounds "7"]
[EventType "team-swiss"]
[EventDate "2020.12.29"]

1. e4 {[%emt 0:00:08]} e5 {[%emt 0:00:02]} 2. Nf3 {[%emt 0:00:04]} Nc6 { [%emt
0:00:07]} 3. d4 {[%emt 0:00:02]} exd4 {[%emt 0:00:04]} 4. Nxd4 {[%emt 0:
00:02]} Bc5 {[%emt 0:00:05]} 5. Nb3 {[%emt 0:00:04]} Bb6 {[%emt 0:00:27]} 6.
Nc3 {[%emt 0:00:02]} Nf6 {[%emt 0:00:10]} 7. Bg5 {[%emt 0:00:19]} h6 {[%emt 0:
00:20]} 8. Bh4 {[%emt 0:00:05]} g5 {[%emt 0:00:24]} 9. Bg3 {[%emt 0:00:02]} d6
{[%emt 0:00:02]} 10. Qe2 {[%emt 0:00:10]} Be6 {[%emt 0:00:17]} 11. O-O-O {
[%emt 0:00:04]} Qe7 {[%emt 0:00:11]} 12. Nd5 {[%emt 0:01:01]} Bxd5 {[%emt 0:01:
23]} 13. exd5 {[%emt 0:00:07]} Qxe2 {[%emt 0:00:03]} 14. Bxe2 {[%emt 0:00:05]}
Ne7 {[%emt 0:00:13]} 15. Bf3 {[%emt 0:00:12]} O-O-O {[%emt 0:00:06]} 16. h3 {
[%emt 0:00:04]} Ng6 {[%emt 0:00:24]} 17. Rhe1 {[%emt 0:00:15]} Rde8 {[%emt 0:
00:14]} 18. Kb1 {[%emt 0:01:00]} Rxe1 {[%emt 0:00:26]} 19. Rxe1 {[%emt 0:00:04]
} Re8 {[%emt 0:00:04]} 20. Rxe8+ {[%emt 0:00:21]} Nxe8 {[%emt 0:00:03]} 21. Nd2
{[%emt 0:00:45]} f6 {[%emt 0:00:14]} 22. Bh5 {[%emt 0:00:14]} Ne5 {[%emt 0:00:
05]} 23. Bxe8 {[%emt 0:00:05]} Kd8 {[%emt 0:00:21]} 24. Bh5 {[%emt 0:00:05]}
Ke7 {[%emt 0:00:05]} 25. Be2 {[%emt 0:00:20]} f5 {[%emt 0:00:19]} 26. Bxe5 {
[%emt 0:00:02]} dxe5 {[%emt 0:00:00]} 27. f3 {[%emt 0:00:13]} Kd6 {[%emt 0:00:
11]} 28. Nc4+ {[%emt 0:00:03]} Kxd5 {[%emt 0:00:07]} 29. Nxb6+ {[%emt 0:00:01]}
axb6 {[%emt 0:00:02]} 30. c3 {[%emt 0:00:01]} e4 {[%emt 0:00:05]} 31. fxe4+ {
[%emt 0:00:08]} Kxe4 {[%emt 0:00:03]} 32. Bf3+ {[%emt 0:00:08]} Ke3 {[%emt 0:
00:04]} 33. Bxb7 {[%emt 0:00:03]} f4 {[%emt 0:00:10]} 34. Kc2 {[%emt 0:00:08]}
h5 {[%emt 0:00:06]} 35. Bf3 {[%emt 0:00:09]} h4 {[%emt 0:00:12]} 36. a4 { [%emt
0:00:13]} c5 {[%emt 0:00:12]} 37. b4 {[%emt 0:00:03]} Kf2 {[%emt 0:00:09] } 38.
bxc5 {[%emt 0:00:06]} bxc5 {[%emt 0:00:00]} 39. a5 {[%emt 0:00:02]} c4 { [%emt
0:00:04]} 40. a6 {[%emt 0:00:02]} Kg3 {[%emt 0:00:03]} 41. a7 {[%emt 0: 00:05]}
Kh2 {[%emt 0:00:02]} 42. a8=Q {[%emt 0:00:04]} Kg3 {[%emt 0:00:02]} 43. Qa1
{[%emt 0:00:06]} Kf2 {[%emt 0:00:06]} 44. Kd2 {[%emt 0:00:04]} Kg3 { [%emt
0:00:04]} 45. Ke2 {[%emt 0:00:38]} Kh2 {[%emt 0:00:08]} 46. Qf1 {[%emt 0:
00:04]} g4 {[%emt 0:00:04]} 47. Bxg4 {[%emt 0:00:05]} f3+ {[%emt 0:00:02]} 48.
gxf3 {[%emt 0:00:06]} Kg3 {[%emt 0:00:04]} 49. Qf2+ {[%emt 0:00:09]} Kf4 {
[%emt 0:00:03]} 50. Qxh4 {[%emt 0:00:04]} Ke5 {[%emt 0:00:02]} 51. Bc8 { [%emt
0:00:04]} Kd5 {[%emt 0:00:04]} 52. Qe4+ {[%emt 0:00:05]} Kd6 {[%emt 0:00: 04]}
53. Qf5 {[%emt 0:00:02]} Kc7 {[%emt 0:00:04]} 54. Qe6 {[%emt 0:00:03]} Kb8
{[%emt 0:00:04]} 55. Qd7 {[%emt 0:00:05]} Ka8 {[%emt 0:00:03]} 56. Ba6 { [%emt
0:00:02]} Kb8 {[%emt 0:00:02]} 57. Qb7# {[%emt 0:00:01]} 1-0

[Event "DSJ Weihnachtsturnier U20w 2020"]
[Site "https://play.chessbase.com/en/play?room=DSJWeihnachtU20w"]
[Date "2020.12.29"]
[Round "5"]
[White "Amelang, Jamie Alice"]
[Black "Evering, Kira"]
[Result "0-1"]
[Termination "normal"]
[Board "5.4"]
[WhiteElo "919"]
[BlackElo "1386"]
[WhiteTeam "Schachgemeinschaft Leipzig"]
[BlackTeam "SC Papenburg"]
[PlyCount "130"]
[WhiteFideId "34605754"]
[BlackFideId "16218221"]
[EventRounds "7"]
[EventType "team-swiss"]
[EventDate "2020.12.29"]

1. e4 {[%emt 0:00:03]} e6 {[%emt 0:00:03]} 2. Bc4 {[%emt 0:00:04]} d5 {[%emt 0:
00:09]} 3. exd5 {[%emt 0:00:22]} exd5 {[%emt 0:00:02]} 4. Bd3 {[%emt 0:00:16]}
Bd6 {[%emt 0:00:07]} 5. Nf3 {[%emt 0:00:05]} Nf6 {[%emt 0:00:07]} 6. Nc3 {
[%emt 0:00:03]} O-O {[%emt 0:00:07]} 7. O-O {[%emt 0:00:02]} Re8 {[%emt 0:00:
15]} 8. Be2 {[%emt 0:00:06]} Nc6 {[%emt 0:00:15]} 9. d4 {[%emt 0:00:06]} Bf5 {
[%emt 0:00:07]} 10. Bd2 {[%emt 0:00:05]} a6 {[%emt 0:00:11]} 11. Ng5 {[%emt 0:
00:12]} h6 {[%emt 0:00:14]} 12. Nf3 {[%emt 0:00:16]} Ne4 {[%emt 0:00:26]} 13.
Ne1 {[%emt 0:00:27]} Nxd2 {[%emt 0:00:26]} 14. Qxd2 {[%emt 0:00:05]} Ne7 {
[%emt 0:00:27]} 15. Nf3 {[%emt 0:00:05]} c6 {[%emt 0:00:17]} 16. Bd3 {[%emt 0:
00:48]} Bxd3 {[%emt 0:00:21]} 17. Qxd3 {[%emt 0:00:04]} Ng6 {[%emt 0:00:05]}
18. Rfe1 {[%emt 0:00:04]} Qd7 {[%emt 0:00:18]} 19. g3 {[%emt 0:00:18]} Qg4 {
[%emt 0:01:23]} 20. Re3 {[%emt 0:00:29]} Rxe3 {[%emt 0:01:03]} 21. Qxe3 { [%emt
0:00:07]} Qd7 {[%emt 0:01:13]} 22. Re1 {[%emt 0:00:18]} Kf8 {[%emt 0:00: 07]}
23. Qe2 {[%emt 0:00:26]} Re8 {[%emt 0:00:04]} 24. Qxe8+ {[%emt 0:00:47]} Qxe8
{[%emt 0:00:06]} 25. Rxe8+ {[%emt 0:00:05]} Kxe8 {[%emt 0:00:01]} 26. a4 {
[%emt 0:00:08]} Bb4 {[%emt 0:00:28]} 27. Ne2 {[%emt 0:00:13]} c5 {[%emt 0:00:
52]} 28. c3 {[%emt 0:00:13]} Ba5 {[%emt 0:00:17]} 29. dxc5 {[%emt 0:00:15]} Kd7
{[%emt 0:00:05]} 30. Nfd4 {[%emt 0:00:07]} Ne7 {[%emt 0:00:34]} 31. Nf4 { [%emt
0:00:07]} Bc7 {[%emt 0:00:18]} 32. c6+ {[%emt 0:00:06]} bxc6 {[%emt 0:00: 05]}
33. Nd3 {[%emt 0:00:02]} Bb6 {[%emt 0:00:05]} 34. Nb3 {[%emt 0:00:03]} Kd6
{[%emt 0:00:05]} 35. a5 {[%emt 0:00:05]} Bc7 {[%emt 0:00:03]} 36. Nbc5 { [%emt
0:00:05]} Nf5 {[%emt 0:00:05]} 37. g4 {[%emt 0:00:03]} Nh4 {[%emt 0:00: 05]}
38. b3 {[%emt 0:00:04]} Nf3+ {[%emt 0:00:03]} 39. Kg2 {[%emt 0:00:02]} Nd2
{[%emt 0:00:03]} 40. b4 {[%emt 0:00:04]} Ne4 {[%emt 0:00:03]} 41. Nb7+ { [%emt
0:00:08]} Ke6 {[%emt 0:00:06]} 42. Nbc5+ {[%emt 0:00:03]} Nxc5 {[%emt 0:
00:02]} 43. Nxc5+ {[%emt 0:00:02]} Kd6 {[%emt 0:00:02]} 44. Nb7+ {[%emt 0:00:
06]} Kd7 {[%emt 0:00:02]} 45. g5 {[%emt 0:00:04]} Be5 {[%emt 0:00:02]} 46. g6 {
[%emt 0:00:04]} fxg6 {[%emt 0:00:02]} 47. Nc5+ {[%emt 0:00:09]} Kd6 {[%emt 0:
00:01]} 48. Nxa6 {[%emt 0:00:02]} Bxc3 {[%emt 0:00:02]} 49. Nb8 {[%emt 0:00:05]
} Bxb4 {[%emt 0:00:02]} 50. a6 {[%emt 0:00:02]} Bc5 {[%emt 0:00:02]} 51. f3 {
[%emt 0:00:05]} Kc7 {[%emt 0:00:01]} 52. Nxc6 {[%emt 0:00:04]} Kxc6 {[%emt 0:
00:02]} 53. h3 {[%emt 0:00:02]} d4 {[%emt 0:00:01]} 54. Kf2 {[%emt 0:00:02]}
Kd5 {[%emt 0:00:02]} 55. Ke2 {[%emt 0:00:01]} Kc4 {[%emt 0:00:01]} 56. f4 {
[%emt 0:00:02]} Kc3 {[%emt 0:00:01]} 57. f5 {[%emt 0:00:01]} gxf5 {[%emt 0:00:
04]} 58. Kd1 {[%emt 0:00:13]} d3 {[%emt 0:00:03]} 59. h4 {[%emt 0:00:03]} g6 {
[%emt 0:00:02]} 60. a7 {[%emt 0:00:03]} Bxa7 {[%emt 0:00:02]} 61. h5 {[%emt 0:
00:02]} gxh5 {[%emt 0:00:01]} 62. Kc1 {[%emt 0:00:06]} h4 {[%emt 0:00:01]} 63.
Kd1 {[%emt 0:00:02]} h3 {[%emt 0:00:01]} 64. Ke1 {[%emt 0:00:03]} h2 {[%emt 0:
00:01]} 65. Kf1 {[%emt 0:00:01]} h1=Q# {[%emt 0:00:01]} 0-1

[Event "DSJ Weihnachtsturnier U20w 2020"]
[Site "https://play.chessbase.com/en/play?room=DSJWeihnachtU20w"]
[Date "2020.12.29"]
[Round "5"]
[White "Ramien, Hannah"]
[Black "Rogozenco, Teodora"]
[Result "1/2-1/2"]
[Termination "normal"]
[Board "6.1"]
[BlackTitle "WFM"]
[WhiteElo "1396"]
[BlackElo "1978"]
[WhiteTeam "Schachgemeinschaft Porz"]
[BlackTeam "Hamburger SK von 1830"]
[PlyCount "85"]
[WhiteFideId "16209982"]
[BlackFideId "12938084"]
[EventRounds "7"]
[EventType "team-swiss"]
[EventDate "2020.12.29"]

1. e4 {[%emt 0:00:04]} e5 {[%emt 0:00:04]} 2. Nf3 {[%emt 0:00:02]} Nc6 { [%emt
0:00:07]} 3. Bc4 {[%emt 0:00:02]} Bc5 {[%emt 0:00:03]} 4. c3 {[%emt 0:00: 02]}
Nf6 {[%emt 0:00:04]} 5. d3 {[%emt 0:00:02]} O-O {[%emt 0:00:02]} 6. O-O { [%emt
0:00:03]} a6 {[%emt 0:00:16]} 7. Bb3 {[%emt 0:00:03]} Ba7 {[%emt 0:00:08] } 8.
Nbd2 {[%emt 0:00:04]} d5 {[%emt 0:00:05]} 9. exd5 {[%emt 0:00:05]} Nxd5 { [%emt
0:00:02]} 10. Re1 {[%emt 0:00:02]} Nf4 {[%emt 0:00:07]} 11. Nxe5 { [%emt
0:00:45]} Nxe5 {[%emt 0:00:05]} 12. Rxe5 {[%emt 0:00:03]} Bxf2+ {[%emt 0:
00:13]} 13. Kh1 {[%emt 0:00:15]} Qf6 {[%emt 0:02:09]} 14. Re4 {[%emt 0:01:20]}
Nxd3 {[%emt 0:00:37]} 15. Qe2 {[%emt 0:00:25]} Nc5 {[%emt 0:01:10]} 16. Re7 {
[%emt 0:00:18]} Bg4 {[%emt 0:00:27]} 17. Rxf7 {[%emt 0:01:26]} Bxe2 {[%emt 0:
01:23]} 18. Rxf6+ {[%emt 0:00:03]} Nxb3 {[%emt 0:00:02]} 19. Rxf8+ {[%emt 0:00:
07]} Rxf8 {[%emt 0:00:02]} 20. Nxb3 {[%emt 0:00:01]} Be1 {[%emt 0:00:05]} 21.
Nd2 {[%emt 0:00:12]} Rd8 {[%emt 0:00:15]} 22. Nb3 {[%emt 0:00:34]} Rd1 { [%emt
0:00:18]} 23. Bf4 {[%emt 0:00:10]} Rxa1 {[%emt 0:00:49]} 24. Nxa1 { [%emt
0:00:02]} c6 {[%emt 0:00:14]} 25. Nc2 {[%emt 0:00:03]} Bf2 {[%emt 0:00: 05]}
26. h3 {[%emt 0:00:11]} Bd3 {[%emt 0:00:06]} 27. Ne3 {[%emt 0:00:14]} Bxe3
{[%emt 0:00:06] HSK02-001 offers a draw} 28. Bxe3 {[%emt 0:00:02]} b5 {[%emt 0:
00:05]} 29. Kg1 {[%emt 0:00:04]} Kf7 {[%emt 0:00:02]} 30. Kf2 {[%emt 0:00:02]}
Ke6 {[%emt 0:00:01]} 31. Bd4 {[%emt 0:00:03]} g6 {[%emt 0:00:04]} 32. Ke3 {
[%emt 0:00:24]} Bf1 {[%emt 0:00:04]} 33. Kf2 {[%emt 0:00:02]} Bc4 {[%emt 0:00:
04]} 34. a3 {[%emt 0:00:07]} a5 {[%emt 0:00:03]} 35. g3 {[%emt 0:00:10]} h5 {
[%emt 0:00:02]} 36. h4 {[%emt 0:00:02]} a4 {[%emt 0:00:03]} 37. Ke3 {[%emt 0:
00:02]} Kf5 {[%emt 0:00:01]} 38. Kf3 {[%emt 0:00:03]} Bd5+ {[%emt 0:00:01]} 39.
Kf2 {[%emt 0:00:08]} Be4 {[%emt 0:00:01]} 40. Be3 {[%emt 0:00:05]} Bd5 { [%emt
0:00:01]} 41. Bd4 {[%emt 0:00:29]} Be4 {[%emt 0:00:00]} 42. Be3 {[%emt 0:
00:02]} Bd5 {[%emt 0:00:00]} 43. Bd4 {[%emt 0:00:01]} 1/2-1/2

[Event "DSJ Weihnachtsturnier U20w 2020"]
[Site "https://play.chessbase.com/en/play?room=DSJWeihnachtU20w"]
[Date "2020.12.29"]
[Round "5"]
[White "Hubert, Charlotte"]
[Black "Sinner, Joselyne"]
[Result "1-0"]
[Termination "normal"]
[Board "6.2"]
[WhiteElo "1549"]
[BlackElo "1409"]
[WhiteTeam "Hamburger SK von 1830"]
[BlackTeam "Schachgemeinschaft Porz"]
[PlyCount "41"]
[WhiteFideId "16265920"]
[BlackFideId "16210387"]
[EventRounds "7"]
[EventType "team-swiss"]
[EventDate "2020.12.29"]

1. e4 {[%emt 0:00:04]} e5 {[%emt 0:00:02]} 2. Nf3 {[%emt 0:00:05]} Nc6 { [%emt
0:00:01]} 3. Bb5 {[%emt 0:00:03]} a6 {[%emt 0:00:02]} 4. Ba4 {[%emt 0:00: 01]}
Nf6 {[%emt 0:00:02]} 5. O-O {[%emt 0:00:01]} Be7 {[%emt 0:00:02]} 6. Re1 {
[%emt 0:00:01]} b5 {[%emt 0:00:01]} 7. Bb3 {[%emt 0:00:01]} O-O {[%emt 0:00:01]
} 8. a4 {[%emt 0:00:01]} Bb7 {[%emt 0:00:52]} 9. d3 {[%emt 0:00:06]} d6 { [%emt
0:00:11]} 10. Nbd2 {[%emt 0:00:22]} Re8 {[%emt 0:00:29]} 11. Ng5 { [%emt
0:00:31]} Nd7 {[%emt 0:00:54]} 12. Nxf7 {[%emt 0:00:19]} Qb8 {[%emt 0:00: 15]}
13. Nxd6+ {[%emt 0:00:37]} Kh8 {[%emt 0:00:05]} 14. Nf7+ {[%emt 0:00:29]} Kg8
{[%emt 0:00:07]} 15. Nd6+ {[%emt 0:01:51]} Kh8 {[%emt 0:00:09]} 16. Nxe8 {
[%emt 0:00:02]} Qxe8 {[%emt 0:00:02]} 17. Nf3 {[%emt 0:00:08]} Qg6 {[%emt 0:00:
18]} 18. Kh1 {[%emt 0:00:47]} Nf6 {[%emt 0:00:24]} 19. axb5 {[%emt 0:00:06]}
Nd8 {[%emt 0:00:20]} 20. Nh4 {[%emt 0:00:28]} Qf7 {[%emt 0:00:23]} 21. Bxf7 {
[%emt 0:00:03]} 1-0

[Event "DSJ Weihnachtsturnier U20w 2020"]
[Site "https://play.chessbase.com/en/play?room=DSJWeihnachtU20w"]
[Date "2020.12.29"]
[Round "5"]
[White "Siegel, Irene"]
[Black "Wartenberg, Alissa"]
[Result "0-1"]
[Termination "normal"]
[Board "6.3"]
[WhiteElo "1212"]
[BlackElo "1562"]
[WhiteTeam "Schachgemeinschaft Porz"]
[BlackTeam "Hamburger SK von 1830"]
[PlyCount "76"]
[WhiteFideId "16284380"]
[BlackFideId "16280741"]
[EventRounds "7"]
[EventType "team-swiss"]
[EventDate "2020.12.29"]

1. e4 {[%emt 0:00:06] HSK02-003 reconnected.} e5 {[%emt 0:00:08]} 2. Nf3 {
[%emt 0:00:02]} Nc6 {[%emt 0:00:03] HSK02-003 received Ill MvData=2. g1-f3
(205cs)} 3. d4 {[%emt 0:00:02]} exd4 {[%emt 0:00:03] HSK02-003 received Ill
MvData=4. d2-d4 (178cs)} 4. Nxd4 {[%emt 0:00:02]} Bc5 {[%emt 0:00:03] HSK02-003
received Ill MvData=6. f3-d4 (181cs)} 5. Be3 {[%emt 0:00:02] HSK02-003
reconnected.} Qf6 {[%emt 0:00:10]} 6. c3 {[%emt 0:00:02] HSK02-003 kibitzing!?}
Nge7 {[%emt 0:00:03]} 7. Bc4 {[%emt 0:00:03] HSK02-003 kibitzing!? } b6 {[%emt
0:00:04]} 8. O-O {[%emt 0:00:09]} Bb7 {[%emt 0:00:03] HSK02-003 kibitzing!?} 9.
Nxc6 {[%emt 0:00:16] HSK02-003 reconnected. HSK02-003 kibitzing!?} Nxc6 {[%emt
0:00:13]} 10. Nd2 {[%emt 0:00:06] HSK02-003 kibitzing!?} O-O {[%emt 0:00:30]}
11. b4 {[%emt 0:00:14] HSK02-003 kibitzing!?} Bxe3 {[%emt 0:00:18]} 12. fxe3
{[%emt 0:00:03] HSK02-003 kibitzing!?} Qxc3 { [%emt 0:00:21]} 13. a3 {[%emt
0:00:12] HSK02-003 kibitzing!?} Qxe3+ {[%emt 0: 00:13]} 14. Kh1 {[%emt 0:00:02]
HSK02-003 kibitzing!?} Qh6 {[%emt 0:00:13]} 15. Qb3 {[%emt 0:00:06] HSK02-003
kibitzing!?} Ne5 {[%emt 0:00:31]} 16. Bd5 { [%emt 0:00:26] HSK02-003
kibitzing!?} Bxd5 {[%emt 0:00:17]} 17. Qxd5 {[%emt 0: 00:04] HSK02-003
kibitzing!?} Qe6 {[%emt 0:00:23]} 18. Qd4 {[%emt 0:00:23] HSK02-003
kibitzing!?} d6 {[%emt 0:00:41]} 19. Qf2 {[%emt 0:00:13] HSK02-003 kibitzing!?
HSK02-003 reconnected.} Nd7 {[%emt 0:01:21]} 20. Rac1 {[%emt 0:00: 15]
HSK02-003 kibitzing!?} Rac8 {[%emt 0:00:16]} 21. Rfe1 {[%emt 0:00:06] HSK02-003
kibitzing!?} Nf6 {[%emt 0:00:16]} 22. Qf3 {[%emt 0:00:17] HSK02-003
kibitzing!?} Qd7 {[%emt 0:00:38]} 23. Rcd1 {[%emt 0:00:18] HSK02-003
kibitzing!?} Rfe8 {[%emt 0:00:37]} 24. Nc4 {[%emt 0:00:10] HSK02-003
kibitzing!?} Qb5 {[%emt 0:00:22]} 25. Nd2 {[%emt 0:00:12] HSK02-003 kibitzing!?
} Qh5 {[%emt 0:00:29]} 26. Qd3 {[%emt 0:00:24] HSK02-003 kibitzing!?} Ng4 {
[%emt 0:00:29]} 27. Qg3 {[%emt 0:00:02] HSK02-003 kibitzing!?} Ne5 {[%emt 0:00:
11]} 28. Nf1 {[%emt 0:00:29] HSK02-003 kibitzing!?} Re6 {[%emt 0:00:11]} 29.
Ne3 {[%emt 0:00:08] HSK02-003 kibitzing!?} Rg6 {[%emt 0:00:07]} 30. Qf4 { [%emt
0:00:03] HSK02-003 kibitzing!?} Rf8 {[%emt 0:00:11]} 31. Rg1 {[%emt 0:00: 11]
HSK02-003 kibitzing!?} Rh6 {[%emt 0:00:11]} 32. Nf1 {[%emt 0:00:07] HSK02-003
kibitzing!?} Ng6 {[%emt 0:00:08]} 33. Qg3 {[%emt 0:00:07] HSK02-003
kibitzing!?} Qh4 {[%emt 0:00:05]} 34. Qf3 {[%emt 0:00:38] HSK02-003
reconnected.} Qh5 {[%emt 0:00:12]} 35. Qd3 {[%emt 0:00:07] HSK02-003
kibitzing!?} Ne5 {[%emt 0:00:03]} 36. Qc2 {[%emt 0:00:08] HSK02-003 kibitzing!?
} Ng4 {[%emt 0:00:09]} 37. h3 {[%emt 0:00:44] HSK02-003 kibitzing!?} Qe5 {
[%emt 0:00:09]} 38. Qxc7 {[%emt 0:00:21] HSK02-003 kibitzing!?} Nf2# {[%emt 0:
00:07]} 0-1